000
00323nam a2200145Ia 4500
100
_a
Turban/ Leidner
650
_a
IT for management
942
_c
BK
366
_f
25
245
_a
Information technology for management
260
_b
Wiley
_c
2008
082
_a
5.74
_b
TUR
546
_a
ENGLISH
_c
electronics
999
_c
18978
_d
18978